| 000 | 00779nam a2200241 a 4500 | ||
|---|---|---|---|
| 001 | BRCA_7321 | ||
| 005 | 20190320205807.0 | ||
| 008 | 110712s1900----enka######---#000-0#eng-# | ||
| 041 | _aeng | ||
| 044 | _aenk | ||
| 050 | 4 |
_aPZ3 _b.B53 1900 |
|
| 100 | 1 |
_aBlackmore, R. D. _d1825-1900 _q(Richard Doddridge) _916644 |
|
| 245 | 1 | 0 |
_aLorna Doone _ba romance of Exmoor _cR. D. Blackmore ; illustrated by Wilmot Lunt. |
| 260 |
_aLondres y Glasgow _bCollin´s Clear-Type Press _c[1900] |
||
| 300 |
_a640 p. _bil., 15 láminas _c16 cm. |
||
| 500 | _aEdición con canto de cabeza dorado | ||
| 500 | _aN14 | ||
| 650 | 1 | 4 |
_aRebelión de Monmouth _xFicción _918105 |
| 651 | 4 |
_aExmoor (Inglaterra) _xFicción _918106 |
|
| 700 | 1 |
_aLunt, Wilmot _eil. _918107 |
|
| 902 | _aGFM | ||
| 942 |
_2lcc _cB |
||
| 999 |
_c6997 _d6997 |
||